Simmonds v Kent CC (Record no. 23606)
[ view plain ]
| 000 -LEADER | |
|---|---|
| fixed length control field | 01529cab a2200193 4500 |
| 001 - CONTROL NUMBER | |
| control field | ABS42334 |
| 008 - FIXED-LENGTH DATA ELEMENTS--GENERAL INFORMATION | |
| fixed length control field | 090401t1990 xxu||||| |||| 00| 0 eng d |
| 035 ## - SYSTEM CONTROL NUMBER | |
| System control number | (Sirsi) u36248 |
| 041 ## - LANGUAGE CODE | |
| Language code of text/sound track or separate title | eng |
| 245 ## - TITLE STATEMENT | |
| Title | Simmonds v Kent CC |
| 260 ## - PUBLICATION, DISTRIBUTION, ETC. | |
| Date of publication, distribution, etc. | 1990 |
| 350 ## - PRICE (NR) (BK AM CF MU VM SE) [OBSOLETE] | |
| Price | 0 |
| 490 ## - SERIES STATEMENT | |
| Series statement | Estates Gazette |
| Volume/sequential designation | (1990) 10 EG 84-88(3) |
| 520 ## - SUMMARY, ETC. | |
| Summary, etc. | LT 7 September 1989. This decision concerned the question of whether interest should have been payable on the compensation agreed for the compulsory acquisition of property, a gentlemans outfitters. In September 1986 S served a blight notice on the council which was accepted. The value of the freehold interest was agreed to be £75,000 and disturbance £67,000 plus redundancy payments, surveyors fees and legal costs. The suggested completion date was 27 February 1987 and the tenant of the attached flat was served with a notice to quit active on that date. Problems arose over a piece of adjoining land owned by British Rail and used to accommodate a fire escape for the flat and the completion date was delayed. No mention of interest was made. Question arose as to whether the council had made an entry on to the land on 27 February or any subsequent date but before the date of compensation as under Land Compensation Act 1961 s32 and Land Compensation Act 1973 s63 . It was found that the pr |
| 650 ## - SUBJECT ADDED ENTRY--TOPICAL TERM | |
| Topical term or geographic name entry element | RATE OF INTEREST AFTER ENTRY |
| 690 ## - LOCAL SUBJECT ADDED ENTRY--TOPICAL TERM (OCLC, RLIN) | |
| Topical term or geographic name as entry element | ENVIRONMENTAL AND LAND CONSULTANCY-PLANNING AND DEVELOPMENT-COMPULSORY PURCHASE AND COMPENSATION |
| 942 ## - ADDED ENTRY ELEMENTS (KOHA) | |
| Suppress in OPAC | 0 |
| 948 ## - LOCAL PROCESSING INFORMATION (OCLC); SERIES PART DESIGNATOR (RLIN) | |
| c (OCLC) | 04/03/1997 |
| Withdrawn status | Lost status | Source of classification or shelving scheme | Damaged status | Not for loan | Home library | Current library | Shelving location | Date acquired | Total Checkouts | Full call number | Barcode | Date last seen | Copy number | Price effective from | Koha item type |
|---|---|---|---|---|---|---|---|---|---|---|---|---|---|---|---|
| Dewey Decimal Classification | London | London | Journal article | 14/09/1999 | ABS42334 | 36248-1001 | 06/08/2019 | 1 | 06/08/2019 | Law report |